000 00439nam a2200145Ia 4500
008 100122s9999 xx 000 0 und d
082 _b17262
_a822
100 _aखरे सुरेश
245 _aमला उत्तर हवयं !
260 _bके.वा.जोशी
_c1971
300 _a76
630 _aमला उत्तर हवयं !
730 _aमला उत्तर हवयं !
942 _cBOOK
999 _c407043
_d407040